Sports Quiz

Random Sports or World Cup Quiz
Score 0/275 Timer 20:00
17 Plays Today
% Correct
Edwin van der Sar
94.7%
Edwin van der Sar
94.7%
Edwin van der Sar
94.7%
Edwin van der Sar
94.7%
Edwin van der Sar
94.7%
Edwin van der Sar
94.7%
Edwin van der Sar
94.7%
Edwin van der Sar
94.7%
Edwin van der Sar
94.7%
Edwin van der Sar
94.7%
Edwin van der Sar
94.7%
Edwin van der Sar
94.7%
Edwin van der Sar
94.7%
Robin van Persie
93.9%
Robin van Persie
93.9%
Robin van Persie
93.9%
Robin van Persie
93.8%
Robin van Persie
93.8%
Robin van Persie
93.7%
Robin van Persie
93.5%
Arjen Robben
92.6%
Arjen Robben
92.6%
Arjen Robben
92.6%
Arjen Robben
92.6%
Arjen Robben
92.6%
Arjen Robben
92.5%
Arjen Robben
92.5%
Arjen Robben
92.5%
Frenkie de Jong
89.7%
Wesley Sneijder
89.4%
Wesley Sneijder
89.4%
Wesley Sneijder
89.4%
Wesley Sneijder
89.4%
Wesley Sneijder
89.4%
Wesley Sneijder
89.4%
Wesley Sneijder
89.4%
Wesley Sneijder
88.9%
Wesley Sneijder
88.9%
Wesley Sneijder
88.6%
Frenkie de Jong
88.5%
Ruud van Nistelrooy
85.6%
Ruud van Nistelrooy
85.6%
Ruud van Nistelrooy
85.6%
Ruud van Nistelrooy
85.6%
Virgil van Dijk
84.6%
Virgil van Dijk
83%
Patrick Kluivert
82.3%
Patrick Kluivert
82.3%
Patrick Kluivert
82.3%
Patrick Kluivert
82.3%
Patrick Kluivert
82.3%
Patrick Kluivert
82.3%
Patrick Kluivert
82.3%
Nigel de Jong
82.1%
Nigel de Jong
82.1%
Nigel de Jong
82.1%
Nigel de Jong
82.1%
Nigel de Jong
82.1%
Memphis Depay
81.9%
Daley Blind
80.7%
Dennis Bergkamp
80.7%
Dennis Bergkamp
80.7%
Dennis Bergkamp
80.7%
Dennis Bergkamp
80.7%
Dennis Bergkamp
80.7%
Daley Blind
80.6%
Matthijs de Ligt
80.6%
Memphis Depay
80.3%
Daley Blind
80.3%
Daley Blind
80.3%
Daley Blind
80.2%
Frank de Boer
79.8%
Frank de Boer
79.8%
Frank de Boer
79.8%
Frank de Boer
79.8%
Frank de Boer
79.8%
Frank de Boer
79.8%
Frank de Boer
79.8%
Frank de Boer
79.8%
Frank de Boer
79.8%
Ronald de Boer
79.8%
Ronald de Boer
79.8%
Ronald de Boer
79.8%
Ronald de Boer
79.8%
Daley Blind
79.7%
Rafael van der Vaart
79.4%
Rafael van der Vaart
79.4%
Rafael van der Vaart
79.4%
Rafael van der Vaart
79.4%
Rafael van der Vaart
79.4%
Rafael van der Vaart
79.4%
Rafael van der Vaart
79.4%
% Correct
Jasper Cillessen
79.1%
Daley Blind
79%
Rafael van der Vaart
79%
Giovanni van Bronckhorst
78.7%
Giovanni van Bronckhorst
78.7%
Giovanni van Bronckhorst
78.7%
Giovanni van Bronckhorst
78.7%
Giovanni van Bronckhorst
78.7%
Giovanni van Bronckhorst
78.7%
Giovanni van Bronckhorst
78.7%
Giovanni van Bronckhorst
78.7%
Jasper Cillessen
78.5%
Danny Blind
78.1%
Danny Blind
78.1%
Memphis Depay
77.7%
Matthijs de Ligt
77.3%
Mark van Bommel
77.3%
Mark van Bommel
77.3%
Mark van Bommel
77.3%
Mark van Bommel
77.3%
Mark van Bommel
77.3%
Mark van Bommel
77.3%
Mark van Bommel
77.3%
Edgar Davids
77.2%
Edgar Davids
77.2%
Edgar Davids
77.2%
Edgar Davids
77.2%
Edgar Davids
77.2%
Edgar Davids
77.2%
Edgar Davids
77.2%
Jasper Cillessen
77.1%
Maarten Stekelenburg
76.1%
Maarten Stekelenburg
76.1%
Maarten Stekelenburg
76.1%
Maarten Stekelenburg
76.1%
Maarten Stekelenburg
76.1%
Maarten Stekelenburg
74.7%
Clarence Seedorf
74.6%
Clarence Seedorf
74.6%
Clarence Seedorf
74.6%
Clarence Seedorf
74.6%
Jasper Cillessen
74.4%
Jasper Cillessen
74.2%
Klaas-Jan Huntelaar
74%
Klaas-Jan Huntelaar
74%
Memphis Depay
73.8%
Dirk Kuyt
73.8%
Dirk Kuyt
73.8%
Dirk Kuyt
73.8%
Dirk Kuyt
73.8%
Dirk Kuyt
73.8%
Dirk Kuyt
73.8%
Jaap Stam
73.3%
Jaap Stam
73.3%
Jaap Stam
73.3%
Jaap Stam
73.3%
Jaap Stam
73.3%
Jaap Stam
73.3%
Jaap Stam
73.3%
Klaas-Jan Huntelaar
73.3%
Marc Overmars
72.7%
Marc Overmars
72.7%
Marc Overmars
72.7%
Marc Overmars
72.7%
Georginio Wijnaldum
72.5%
Georginio Wijnaldum
70.1%
Virgil van Dijk
69.6%
Phillip Cocu
68.3%
Phillip Cocu
68.3%
Phillip Cocu
68.3%
Phillip Cocu
68.3%
Phillip Cocu
68.3%
Phillip Cocu
68.3%
Phillip Cocu
68.3%
Phillip Cocu
68.3%
Phillip Cocu
68.3%
Phillip Cocu
68.3%
Ryan Babel
68%
Ryan Babel
67.3%
Georginio Wijnaldum
67%
John Heitinga
65.2%
John Heitinga
65.2%
John Heitinga
65.2%
John Heitinga
65.2%
John Heitinga
65.2%
John Heitinga
65.2%
John Heitinga
65.2%
Georginio Wijnaldum
64.6%
Georginio Wijnaldum
62.5%
Georginio Wijnaldum
61.7%
Michael Reiziger
61.4%
Michael Reiziger
61.4%
% Correct
Michael Reiziger
61.4%
Michael Reiziger
61.4%
Michael Reiziger
61.4%
Michael Reiziger
61.4%
Michael Reiziger
61.4%
Michael Reiziger
61.4%
Gregory van der Wiel
57%
Gregory van der Wiel
57%
Gregory van der Wiel
57%
Gregory van der Wiel
57%
Stefan de Vrij
56.6%
Stefan de Vrij
56.5%
Gregory van der Wiel
55.2%
Stefan de Vrij
55.2%
Ryan Babel
53.6%
Quincy Promes
52.2%
Ron Vlaar
52.2%
Ron Vlaar
52.1%
Ron Vlaar
51.9%
Michel Vorm
51.2%
Joris Mathijsen
51%
Joris Mathijsen
51%
Joris Mathijsen
51%
Joris Mathijsen
51%
Joris Mathijsen
51%
Joris Mathijsen
51%
Boudewijn Zenden
50.8%
Boudewijn Zenden
50.8%
Boudewijn Zenden
50.8%
Boudewijn Zenden
50.8%
Boudewijn Zenden
50.8%
Bruno Martins Indi
50.2%
Bruno Martins Indi
49.3%
Bruno Martins Indi
49.2%
Quincy Promes
48.9%
Kevin Strootman
48.7%
Kevin Strootman
48.2%
Kevin Strootman
48%
Roy Makaay
47.7%
Kevin Strootman
46.4%
Kevin Strootman
45.9%
Quincy Promes
45.8%
Jimmy Floyd Hasselbaink
43.8%
André Ooijer
43.5%
André Ooijer
43.5%
André Ooijer
43.5%
Vincent Janssen
42.7%
Winston Bogarde
42.7%
Vincent Janssen
41.2%
Daryl Janmaat
41.2%
Khalid Boulahrouz
40.7%
Khalid Boulahrouz
40.7%
Daryl Janmaat
40.4%
Jordi Cruyff
40.1%
Aron Winter
40%
Aron Winter
40%
Aron Winter
40%
Wilfred Bouma
38.3%
Wilfred Bouma
38.3%
Marten de Roon
37.3%
Arthur Numan
35.8%
Arthur Numan
35.8%
Arthur Numan
35.8%
Jetro Willems
35.8%
Denzel Dumfries
34.6%
Wim Jonk
34.6%
Wim Jonk
34.6%
Marten de Roon
34.5%
Joël Veltman
34.2%
Joël Veltman
33.5%
Jeffrey Bruma
33.4%
Jeffrey Bruma
32.9%
Davy Klaassen
32.4%
Mario Melchiot
30.5%
Mario Melchiot
30.5%
Kenny Tete
29.8%
Nathan Aké
29.2%
Demy de Zeeuw
27.2%
Demy de Zeeuw
27.2%
Richard Witschge
26.9%
Jeremain Lens
26.7%
Paul Bosvelt
24.8%
Denny Landzaat
24.6%
Denny Landzaat
24.6%
Erik Pieters
23.8%
Jan Kromkamp
23.4%
Luciano Narsingh
21.1%
Wesley Hoedt
20.3%
Bert Konterman
19.6%
Fernando Ricksen
16.6%
Barry Opdam
15.9%
Remove Ads.
Support Sporcle.
Get the best of Sporcle when you Go Orange. This ad-free experience offers more features, more stats, and more fun while also helping to support Sporcle. Thank you for becoming a member.

You're not logged in!

Compare scores with friends on all Sporcle quizzes.
OR
Log In

Sporcle TV

Today on Sporcle TV


Watch our educational content, quiz creation guides, and fun videos on Sporcle TV.

Show Comments

Extras

Top Quizzes Today


Score Distribution

Paid Content

Your Account Isn't Verified!

In order to create a playlist on Sporcle, you need to verify the email address you used during registration. Go to your Sporcle Settings to finish the process.

Report this User

Report this user for behavior that violates our Community Guidelines.

Details: